|
|
|
|
| LEADER |
02598njm a2200529 i 4500 |
| 001 |
001671362 |
| 003 |
CZ BrMZK |
| 005 |
20190402121121.0 |
| 007 |
sd fungnnmmned |
| 008 |
190228p20182015xr mpnng hz n cze |
| 015 |
|
|
|a cnb003072161
|
| 024 |
3 |
|
|a 859
|
| 028 |
0 |
1 |
|a ANI 071-2
|b Animal Music
|
| 040 |
|
|
|a BOA001
|b cze
|e rda
|
| 041 |
0 |
|
|d cze
|d lat
|g cze
|g eng
|
| 072 |
|
7 |
|a 78
|x Hudba
|2 Konspekt
|9 9
|
| 080 |
|
|
|a 78.088:791.636
|2 MRF
|
| 080 |
|
|
|a (086.76)
|2 MRF
|
| 100 |
1 |
|
|a Liška, Zdeněk,
|d 1922-1983
|7 jn19990209491
|4 cmp
|
| 245 |
1 |
0 |
|a Marketa Lazarová /
|c Zdeněk Liška
|
| 264 |
|
1 |
|a [Praha] :
|b Animal Music,
|c [2018]
|
| 264 |
|
4 |
|c ℗2018
|
| 300 |
|
|
|a 2 CD audio (43:48 ; 44:33) ;
|c 12 cm
|
| 336 |
|
|
|a hraná hudba
|b prm
|2 rdacontent
|
| 337 |
|
|
|a audio
|b s
|2 rdamedia
|
| 338 |
|
|
|a audiodisk
|b sd
|2 rdacarrier
|
| 344 |
|
|
|a digital
|b optical
|2 rda
|
| 347 |
|
|
|a audio soubor
|b CD audio
|2 rda
|
| 500 |
|
|
|a Název z disku
|
| 500 |
|
|
|a Projekt koncertního provedení připravil a hudbu z původních rukopisných partitur a zvukové stopy filmu sestavil a upravil Petr Ostrouchov
|
| 500 |
|
|
|a Fonogram též Struny podzimu
|
| 500 |
|
|
|a Informace o hudbě a texty mluveného slova (24 stran, i v anglickém překladu) v pouzdře
|
| 500 |
|
|
|a Nahráno během koncertní premiéry v rámci hudebního festivalu Struny podzimu
|
| 505 |
0 |
0 |
|g Část I.
|t Říšská cesta --
|t Lazarovo vidění --
|t Na Roháčku --
|t Rajská sonáta --
|t Vlci --
|t Prozření Markety Lazarové --
|t Královský hejtman --
|t Nanebevzetí --
|t Únos --
|t Straba --
|g Část II.
|t Lesní šance --
|t Beránek boží --
|t Černoháj --
|t Kantiléna --
|g Rajská sonáta (repríza) --
|t Bitva --
|t Biskup hennavský --
|t Návrat na obořiště --
|t Boží milost --
|t Svatba --
|g Epilog
|
| 511 |
0 |
|
|a Zpívá Martinů Voices a sólisté, sbormistr a dirigent Lukáš Vasilek ; hovoří různí herci ; hraje Baborák Ensemble, dirigent Radek Baborák
|
| 518 |
|
|
|o Nahráno živě
|d 9. října 2015
|p Forum Karlín, Praha
|
| 650 |
0 |
7 |
|a filmová hudba, úpravy
|7 ph312552
|2 czenas
|
| 655 |
|
7 |
|a kompaktní disky
|7 fd201991
|2 czenas
|
| 700 |
1 |
|
|a Ostrouchov, Petr,
|d 1972-
|7 js20031020007
|4 arr
|4 com
|
| 700 |
1 |
|
|a Vasilek, Lukáš,
|d 1980-
|7 ola2002145064
|4 cnd
|
| 700 |
1 |
|
|a Baborák, Radek,
|d 1976-
|7 jn19990209011
|4 cnd
|
| 710 |
2 |
|
|a Martinů Voices (pěvecký sbor)
|7 kn20131021009
|4 sng
|
| 710 |
2 |
|
|a Baborák Ensemble
|7 mzk2009513313
|4 prf
|
| 910 |
|
|
|a BOA001
|b CDR-1424.253
|
| 990 |
|
|
|a AV
|
| 991 |
|
|
|b 201904
|
| 996 |
6 |
|
|b 2610773064
|c CDR-1424.253
|l MZK
|r Sklad / do 24 hodin
|n 0
|p p.v.
|w 001710792
|u 000010
|a 1
|e BOA001
|j MZK50
|s P
|